000 00356nam a2200133Ia 4500
008 240624s9999 xx 000 0 und d
041 _aeng
082 _a332.6 KNI
100 _aKNIGHT JOHN
245 _aPERFORMANCE MEASUREMENT IN FINANCE FIRMS
260 _c2002
_aLondon
_bButterworth Heinemann
300 _axvii, : 378 : p. : cm. ; 24
365 _c
_b26
999 _c20758
_d20758